Разработка маркетинговой стратегии для новой фирмы на рынке сайтостроительства города Томска; Энергия молодых - экономике России; [Ч. 1]

Dades bibliogràfiques
Parent link:Энергия молодых - экономике России: труды VIII Международной научно-практической конференции студентов и молодых ученых, г. Томск, 19-22 марта 2007 г./ Томский политехнический университет (ТПУ) ; Вольное экономическое общество России (ВЭО России) ; Международный союз экономистов (МСЭ).— , 2007
[Ч. 1].— 2007.— С. 257-259
Autor principal: Гааг Р. И.
Altres autors: Дащинская С. К. (научный руководитель)
Idioma:rus
Publicat: 2007
Matèries:
Format: MixedMaterials Capítol de llibre
KOHA link:https://koha.lib.tpu.ru/cgi-bin/koha/opac-detail.pl?biblionumber=132381

MARC

LEADER 00000naa2a2200000 4500
001 132381
005 20231031134828.0
035 |a (RuTPU)RU\TPU\book\143338 
090 |a 132381 
100 |a 20080303d2007 k y0rusy50 ca 
101 0 |a rus 
102 |a RU 
200 1 |a Разработка маркетинговой стратегии для новой фирмы на рынке сайтостроительства города Томска  |f Р. И. Гааг  |g науч. рук. С. К. Дащинская 
461 0 |0 (RuTPU)RU\TPU\book\169966  |t Энергия молодых - экономике России  |o труды VIII Международной научно-практической конференции студентов и молодых ученых, г. Томск, 19-22 марта 2007 г.  |f Томский политехнический университет (ТПУ) ; Вольное экономическое общество России (ВЭО России) ; Международный союз экономистов (МСЭ)  |d 2007 
463 0 |0 (RuTPU)RU\TPU\book\136477  |t [Ч. 1]  |v С. 257-259  |d 2007 
610 1 |a стратегия 
610 1 |a маркетинг 
610 1 |a сайты 
610 1 |a фирмы 
610 1 |a Томск 
610 1 |a Интернет 
610 1 |a информация 
610 1 |a труды учёных ТПУ 
700 1 |a Гааг  |b Р. И. 
702 1 |a Дащинская  |b С. К.  |4 727 
801 1 |a RU  |b 63413507  |c 20080303  |g PSBO 
801 2 |a RU  |b 63413507  |c 20161007  |g RCR 
942 |c BK